[Event "Nantes op 14th"]
[Site "Nantes"]
[Date "2015.12.28"]
[Round "3"]
[White "Le Gallo, Frederic"]
[Black "Bethys, Fred"]
[Result "1-0"]
[WhiteElo "1967"]
[BlackElo "1700"]
[PlyCount "33"]
[EventDate "2015.12.27"]
[EventType "swiss"]
[EventRounds "7"]
[EventCountry "FRA"]
[SourceTitle "CBM 170 Extra"]
[Source "ChessBase"]
[SourceDate "2016.02.25"]
[SourceVersion "1"]
[SourceVersionDate "2016.02.25"]
[SourceQuality "1"]

1. e4 c5 2. d4 cxd4 3. c3 dxc3 4. Nxc3 e6 5. Nf3 Bb4 6. Bd3 Ne7 7. 0-0 Bxc3 8. bxc3 0-0 9. e5 Nbc6 10. Re1 Ng6 11. h4 Nxh4 12. Bxh7+ Kh8 13. Ng5 g6 14. Qg4 Nf5 15. Qh3 Kg7 16. g4 Nh6 17. Nxe6+ 1-0

[Event "Gorges op 22th"]
[Site "Gorges"]
[Date "2012.07.09"]
[Round "3"]
[White "Bethys, Fred"]
[Black "Lebedel, Marc"]
[Result "1-0"]
[WhiteElo "1734"]
[BlackElo "1587"]
[PlyCount "63"]
[EventDate "2012.07.08"]
[EventType "swiss"]
[EventRounds "7"]
[EventCountry "FRA"]
[SourceTitle "CBM 149 Extra"]
[Source "ChessBase"]
[SourceDate "2012.08.24"]
[SourceVersion "1"]
[SourceVersionDate "2012.08.24"]
[SourceQuality "1"]

1. f4 a6 2. Nf3 d5 3. b3 c5 4. e3 e6 5. Bb2 Nf6 6. Be2 Be7 7. 0-0 0-0 8. Ne5 Nc6 9. Qe1 Nd7 10. Qg3 Bf6 11. Nxc6 bxc6 12. Bxf6 Nxf6 13. d3 a5 14. Nd2 a4 15. Bf3 Qa5 16. Qf2 Qc3 17. Rfc1 Ba6 18. bxa4 Rab8 19. Nb3 Rb4 20. e4 d4 21. g4 Rfb8 22. g5 Ne8 23. e5 c4 24. Nxd4 Rb2 25. Nxc6 R8b6 26. Qc5 Qd2 27. Ne7+ Kh8 28. Nc8 Nd6 29. exd6 Qxf4 30. d7 Rd6 31. Nxd6 Rb8 32. Nc8 1-0

[Event "Gorges op 17th"]
[Site "Gorges"]
[Date "2007.??.??"]
[Round "2"]
[White "Gaboriau, Dominique"]
[Black "Bethys, Fred"]
[Result "0-1"]
[WhiteElo "1280"]
[BlackElo "1510"]
[PlyCount "62"]
[EventDate "2007.07.08"]
[EventType "swiss"]
[EventRounds "7"]
[EventCountry "FRA"]
[SourceTitle "CBM 119 Extra"]
[Source "ChessBase"]
[SourceDate "2007.09.04"]
[SourceVersion "1"]
[SourceVersionDate "2007.09.04"]
[SourceQuality "1"]

1. e4 e5 2. Nf3 Nc6 3. d4 exd4 4. Bc4 d6 5. c3 Nf6 6. Bg5 Be7 7. Bxf6 Bxf6 8. cxd4 Bg4 9. 0-0 Nxd4 10. Nbd2 0-0 11. Be2 Nxe2+ 12. Qxe2 Re8 13. Qb5 Qc8 14. Rac1 Bd7 15. Qb4 Bc6 16. Rfe1 Be7 17. Qd4 Qd7 18. Qe3 b6 19. e5 Bf6 20. Qf4 dxe5 21. Nxe5 Bxe5 22. Rxe5 Rxe5 23. Qxe5 Qxd2 24. Re1 Kf8 25. Qe7+ Kg8 26. h3 h6 27. Qe5 Re8 28. Qxe8+ Bxe8 29. Rxe8+ Kh7 30. Re7 Qd1+ 31. Kh2 Qd6+ 0-1